000 00715nam a2200217Ii 4500
003 JO-AjNU
008 230605s9999||||xx |||||||||||||| ||und||
040 _aJO-AjNU
_bara
_erda
_cJO-AjNU
041 _aara
050 1 4 _aBP129.42.T3264 1979
100 3 _aطباره، عفيف عبد الفتاح,
_eauthor
_918018
245 0 0 _aروح القرآن الكريم: تفسير جزء عم
250 _aط2/منقحة
264 3 1 _aد.م: المؤلف، 1979
300 _a206ص
336 _atext
_btxt
_2rdacontent
337 _aunmediated
_bn
_2rdamedia
338 _avolume
_bnc
_2rdacarrier
490 0 _aروح القرآن الكريم
650 4 _aالقرآن الكريم- جزء عم- تفسير
_918019
999 _aA5684
_c9252
_d9252